Normal view
MARC view
Entry Personal Name
001 - CONTROL NUMBER
- control field: 42847
003 - CONTROL NUMBER IDENTIFIER
- control field: ARRUPE
005 - DATE AND TIME OF LATEST TRANSACTION
- control field: 20181010144320.0
008 - FIXED-LENGTH DATA ELEMENTS
- fixed length control field: 181010|| aca||aabn | a|a d
040 ## - CATALOGING SOURCE
- Original cataloging agency: ARRUPE
- Transcribing agency: ARRUPE
100 ## - HEADING--PERSONAL NAME
- Personal name: Etienne A. Triaille, SJ. (ed.)
670 ## - SOURCE DATA FOUND
- Source citation: Work cat.: (ARRUPE): Etienne A. Triaille, SJ. (ed.), Christian Campus Ministry:, 2009.